000 00355pab a2200157 454500
008 180718b1996 xxu||||| |||| 00| 0 eng d
100 _aRammanohar Reddy, C.
245 _aMeasuring poverty differently
260 _c1996
300 _ap.16
362 _a22 Jul
650 _aPoverty - India
650 _aPoverty
773 _aHindu
909 _a33163
999 _c33163
_d33163